Comma : international journal on archives international journal on archives
Descripción Física:
taules, gràf. ; 24 cm
Materias:
Arxius -- Revistes
MARC
| LEADER | 00000nas a2200000 a 4500 | ||
|---|---|---|---|
| 008 | 160829s2001- xx 000 0 cat d | ||
| 080 | |a Revistes | ||
| 245 | |a Comma : |b international journal on archives | ||
| 260 | |a Paris : |b International Council on Archives (ICA), |c 2001- | ||
| 300 | |b taules, gràf. ; |c 24 cm | ||
| 310 | |a Anual | ||
| 590 | |a Subtítols paral·lels en francès, alemany, castellà, rus, àrab i xinès. | ||
| 590 | |a Articles en anglès, francès i castellà; introducció i resums en alemany, rus, àrab i xinès | ||
| 650 | 0 | |a Arxius |x Revistes |9 45769 | |
| 710 | 2 | |a International Council on Archives |9 53957 | |
| 866 | |a 2008-2, 2008-9 | ||
| 901 | |a Arxiu | ||
| 942 | |n 1 |2 udc | ||
| 952 | |0 0 |1 0 |4 0 |6 REVISTES |7 1 |9 55430 |a Arxiu |b Arxiu |d 2016-12-01 |l 0 |o Revistes |r 2016-12-01 00:00:00 |w 2016-12-01 |y ARXIU | ||
| 999 | |c 59303 |d 59303 | ||